00692nam a2200181 4500001000700000003000900007005001700016007000300033008004100036100002900077245012200106260004000228300004100268700002800309852003200337999001900369952012200388118546ES-MaACL20230906191124.0t|070214s1972 sp r ||||1| spa d1 aPeters, Paulhans.99147410aEscuelas superiores b: centros de investigación / cpor Paulhans Peters ; versión de Juan J. Garrido Ibáñez. aBarcelona : bGustavo Gili, c1972. a101 p., 13 lám. : bil. ; c27 cm.1 aGarrido, Juan J.955676 aES-MaACLjC-43005 bR.82560 c118546d118546 00104070aATENEOMbATENEOMcDEPO2d2008-01-17eSCl0oC-43005p1123582r2023-02-23 00:00:00w2023-02-23yMONOGRAFIA